History Quiz

Random History or Famous Quiz

Famous Quotes About 'Q', 'X', 'Y' & 'Z' Quiz Stats

 Plays Quiz Updated Mar 16, 2017

Support Sporcle.
Go Orange.
Score 0/22 Timer 07:00
2 Plays Today
% Correct
Quitters
99.2%
Zipper
96.6%
Yesterday
96.5%
Questions
95.9%
Yearning
95.6%
Quit
95.3%
Zoo
95.2%
Yoga
95%
Quiet
94.8%
Yes
94.7%
Yawn
94.2%
% Correct
Youth
93.6%
Young
93.4%
X-rays
92.9%
Zero
91.3%
Years
90.3%
Yourself
90.2%
Quality
89.2%
Quakers
87.4%
Quarrels
86.1%
Quotation
85.4%
Quote
84.3%

You're not logged in!

Compare scores with friends on all Sporcle quizzes.
OR
Log In
Forgot?

From the Vault

'NFL' Words and Phrases

by survivor

We've managed to combine spelling and football into one quiz, which is great since they are America's least and most favorite things.
Remove Ads.
Support Sporcle.
Get the best of Sporcle when you Go Orange. This ad-free experience offers more features, more stats, and more fun while also helping to support Sporcle. Thank you for becoming a member.

Show Comments

Extras

Top Quizzes Today


Score Distribution

Your Account Isn't Verified!

In order to create a playlist on Sporcle, you need to verify the email address you used during registration. Go to your Sporcle Settings to finish the process.

Report this User

Report this user for behavior that violates our Community Guidelines.

Details: